1834 1862 1576 1443 1044 1250 1121 1689 1135 1032 1637 1554 1138 1011 1723 1367 1987 1617 1285 1425 1965 1288 1643 1936 1173 1769 1290 1790 1558 1454 1449 1838 1049 1997 1514 1666 1098 1564 1931 1519 1467 1914 1610 1186 1505 1449 1461 1388 1741 1846 1808 1734 1465 1647 1797 1500 1453 1020 1117 1230 1847 1575 1966 1818 1348 1962 1175 1061 1992 1035 1874 1051 1950 1390 1279 1689 1300 1433 1227 1972 1915 1732 1627 1730 1501 1407 1301 1702 1532 1318 1713 1938 1270 1278 1623 1073 1182 1628 1598 BCNSPRNW ULIB Ver.6.0+V

เปลี่ยนเป็นภาษาไทย

Change to English
 แสดงรายละเอียดบรรณานุกรม
  กลับหน้าหลัก

Brief Record : Get Marc (ISO 2709) : E-mail record : QR code < ปิดหน้าต่าง
LEADER : 00000nam 2200000uu 4500
001    13399111666
003     ULIB
008    110704s2552||||th 000 0 tha d
020    9789746603935
050 04 BQ4570^bพ326พ 2552
110 2  กองทุนพุทธฉือจี้
245 10 พุทธฉือจี้ พุทธที่ไม่เคยเห็นมาก่อน =^bUnseen buddhism/^cกองทุนพุทธฉือจี้
246 31 Unseen buddhism
250    พิมพ์ครั้งที่ 1
260    กรุงเทพฯ :^bกองทุนพุทธฉือจี้ ,^c2552
300    128 หน้า :^bภาพประกอบสี
650  7 พุทธฉือจี้
945    ^p0^l0^i029131
995    ทศพร
999 ^a ใช้งานได้ทุกระบบ
รายการนี้ยังไม่มีแท็ก
คุณยังไม่ได้ล็อกอิน คุณสามารถมีกิจกรรมร่วมกับเว็บไซต์ได้ แต่ต้องล็อกอินก่อน ::
  ล็อกอิน

รายการสื่อสารสนเทศ

ลำดับที่ ประเภท เลขเรียก/บาร์โค้ด สถานที่ สถานะ
- ไม่พบข้อมูล -

รายการใกล้เคียง
    หัวเรื่อง [พุทธฉือจี้]

BibComment


ยังไม่เคยถูกคอมเมนท์

คอมเมนท์ทรัพยากรรายการนี้
  คอมเมนท์: พุทธฉือจี้ พุทธที..


 Copyright 2026. Bcnsprnw @Library